| 000 | 00690nam a2200217 a 4500 | ||
|---|---|---|---|
| 001 | BRCA_4248 | ||
| 005 | 20190320204612.0 | ||
| 008 | 140610s1913----gw-ac#####---#000-0#ger-# | ||
| 041 | _ager | ||
| 044 | _agw | ||
| 050 | 4 |
_aPT2607 _b.D86 1913 |
|
| 100 | 1 |
_aDuncker, Dora _910953 |
|
| 245 | 1 | 0 |
_aEin Liebesidyll Ludwigs XIV _bLouise de la Valliere _cHistorischer Roman von Dora Duncker. |
| 260 |
_aBerlín, Alemania _bVerlag von Rich _c1913 |
||
| 300 |
_a335 p. _bil. (algunas a color), retratos _c21 cm. |
||
| 440 | 0 |
_aRomane berühmter manner und Frauen _910954 |
|
| 500 | _aAM60 | ||
| 600 | 1 | 4 |
_aLouise de la Valliere _xNovela histórica _zAlemania _910955 |
| 902 | _aGFM | ||
| 942 |
_2lcc _cB |
||
| 999 |
_c3959 _d3959 |
||